Surely There Is a Future (Record no. 11182)

MARC details
000 -LEADER
fixed length control field 00655nam a2200241 a 4500
001 - CONTROL NUMBER
control field 0001-1182
003 - CONTROL NUMBER IDENTIFIER
control field ELIB.Books
008 - FIXED-LENGTH DATA ELEMENTS--GENERAL INFORMATION
fixed length control field 150508 2010 eng
020 ## - INTERNATIONAL STANDARD BOOK NUMBER
International Standard Book Number 0802841503
035 ## - SYSTEM CONTROL NUMBER
System control number (ELIB.Books)0001-1337
092 ## - LOCALLY ASSIGNED DEWEY CALL NUMBER (OCLC)
Classification number 222
Item number Ham
100 ## - MAIN ENTRY--PERSONAL NAME
Personal name Hamlin, E. John.
245 ## - TITLE STATEMENT
Title Surely There Is a Future
Remainder of title A Commetary on the Book of Ruth
260 ## - PUBLICATION, DISTRIBUTION, ETC. (IMPRINT)
Place of publication, distribution, etc. Grand Rapids
Name of publisher, distributor, etc. Wm. B. Publishing Co.
Date of publication, distribution, etc. 1996
300 ## - PHYSICAL DESCRIPTION
Extent 82
Dimensions 21 Cm
500 ## - GENERAL NOTE
General note C/o Moe Lwei
650 ## - SUBJECT ADDED ENTRY--TOPICAL TERM
Topical term or geographic name as entry element Old Testament
856 ## - ELECTRONIC LOCATION AND ACCESS
Name of location of host KBTS: Library
Uniform Resource Identifier <a href="KBTS: Elib">KBTS: Elib</a>
942 ## - ADDED ENTRY ELEMENTS (KOHA)
Source of classification or shelving scheme Dewey Decimal Classification
Koha item type Books
990 ## - EQUIVALENCES OR CROSS-REFERENCES [LOCAL, CANADA]
Link information for 9XX fields 6
998 ## - LOCAL CONTROL INFORMATION (RLIN)
Cataloger's initials, CIN (RLIN) bat
-- 2015-05-08
-- cat
-- 2018-12-10
Holdings
Withdrawn status Lost status Source of classification or shelving scheme Damaged status Not for loan Home library Current library Date acquired Total Checkouts Barcode Date last seen Bill Date Koha item type
    Dewey Decimal Classification     Karen Baptist Theological Seminary Library Karen Baptist Theological Seminary Library 08/05/2015   15356, 13937, 13938, 22/01/2022 22/01/2022 Books
Implemented & Customized by: BestBookBuddies

Powered by Koha